00397nam a2200145Ia 4500003000400000008004100004040001600045082001600061100001700077245007200094260004600166300000800212650001100220650002000231GCL140319s9999 xx 000 0 eng d aGCL / cGCL04a792.8 bL B1 aLAWSON, JOAN10aBEGINNING BALLET : FROM THE CLASSROOM TO THE STAGE / cLAWSON, JOAN a[S.N] : bA AND C BLACK LIMITED ، c1994 a96P04aBALLET04aBELLT AND DANCE